Neodvedenie dane a poistného a daňový podvod

Daňová trestná činnosť. Neodvedenie dane a poistného. Daňový podvod.

Gespeichert in:
Bibliographische Detailangaben
1. Verfasser: Kantorová, Martina
Format: Buchkapitel
Sprache:Slowakisch
Schlagworte:
Tags: Tag hinzufügen
Keine Tags, Fügen Sie das erste Tag hinzu!

MARC

LEADER 00000naa a2200000 4500
001 0170045
005 20230918073119.1
041 0 |a slo 
044 |a SK 
245 1 0 |a Neodvedenie dane a poistného a daňový podvod  |c Martina Kantorová 
520 |a Daňová trestná činnosť. Neodvedenie dane a poistného. Daňový podvod. 
610 2 0 |a podvody 
610 2 0 |a dane 
610 2 0 |a činnosť trestná 
610 2 0 |a podvody poisťovacie 
100 1 |a Kantorová, Martina